| 000 | 00983na a2200289 4500 | ||
|---|---|---|---|
| 001 | 15544 | ||
| 003 | MIRAKIL | ||
| 005 | 20181213154755.0 | ||
| 008 | 160913b tu 000 0 | ||
| 020 | _a9751613728 | ||
| 035 | _a14074 | ||
| 040 |
_aMilas _btur _cTR-AnCHP |
||
| 082 |
_a956.1023 _bT96m 2001 |
||
| 090 | _a956.1023 T96m 2001 | ||
| 100 | _aTürkmen, Zekeriya | ||
| 245 |
_aMütareke döneminde ordunun durumu ve yeniden yapılanması (1918-1920) _cZekeriya Türkmen |
||
| 260 |
_aAnkara _bTürk Tarih Kurumu Yayınları _c2001 |
||
| 300 |
_axııı, 385 s. _bres.,hrt.,tbl. _c25 sm. |
||
| 490 |
_aAKDTYK Türk Tarih Kurumu Yayınları _vXVI |
||
| 504 | _aKaynakça ve dizin var. | ||
| 650 |
_aAskeri tarih _xTürkiye |
||
| 650 |
_aMütareke Dönemi _xOsmanlı Devleti _zTarih |
||
| 651 |
_aTürkiye _xOrdu _yTarih |
||
| 651 |
_aTürkiye _xTarih _yOsmanlı İmparatorluğu _zMütareke Dönemi |
||
| 651 |
_aTürkiye _xTarih _yOsmanlı İmparatorluğu |
||
| 942 |
_2ddc _cBKS |
||
| 999 |
_c614 _d614 |
||